000 00400nam a2200145Ia 4500
008 191201s2005 xx 000 0 und d
082 _a621.3815
_bFRD
100 _aFRANCO, Sergio
245 0 _aDesign with Operational Amplifiers and Analog Integrated Circuits
250 _a3rd
260 _aN.Delhi
_bTata McGraw Hill Pub. co. Ltd
_c2005
300 _a658
650 _aB.Tech(CSE)
942 _2ddc
_cBK
999 _c829
_d829